Panduan mencari nafkah yang dijanjikan syurga

Bibliographic Details
Other Authors: Abd Rahman Abd Majeed
Format: Book
Published: Kuala Lumpur : Darul Nu'man , 2003
Subjects:

MARC

LEADER 00000cam a2200000 7i4500
001 0000012664
005 20080101.0
008 071227
020 |a 9830463648 
090 0 0 |a 297.577   |b PAN 
245 1 0 |a Panduan mencari nafkah yang dijanjikan syurga   |c susunan Abd Rahman Abd Majeed 
260 |a Kuala Lumpur :   |b Darul Nu'man ,   |c 2003 
650 0 |a Family   |x Religious 
650 0 |a Marriage   |x Religious aspects   |x Islam 
700 0 |a Abd Rahman Abd Majeed 
999 |a 0001008641   |b Book   |c Adult Collection   |e Perbadanan Perpustakaan Awam Johor